Course in Electronic & Electrical Measurement & Instrumentation (Record no. 1391)

MARC details
000 -LEADER
fixed length control field 00385nam a2200145Ia 4500
008 - FIXED-LENGTH DATA ELEMENTS--GENERAL INFORMATION
fixed length control field 221030s9999 xx 000 0 und d
041 ## - LANGUAGE CODE
Language code of text/sound track or separate title
082 ## - DEWEY DECIMAL CLASSIFICATION NUMBER
Classification number 105.23
Item number Gup
100 ## - MAIN ENTRY--AUTHOR NAME
Personal name J. B. Gupta
245 #0 - TITLE STATEMENT
Title Course in Electronic & Electrical Measurement & Instrumentation
260 ## - PUBLICATION, DISTRIBUTION, ETC. (IMPRINT)
Name of publisher S. K. Kataria & Sons
Place of publication New Delhi
Year of publication 1998
300 ## - PHYSICAL DESCRIPTION
Number of Pages 1207
650 ## - SUBJECT ADDED ENTRY--TOPICAL TERM
Topical Term ECE & EE
942 ## - ADDED ENTRY ELEMENTS (KOHA)
Koha item type Books
Holdings
Accession Number Cost, normal purchase price Full call number Price effective from Koha item type Withdrawn / writtenoff status Materials specified (bound volume or other part) Damaged status Not for loan Permanent Location Current Location Shelving location Date acquired Lost/ Missing status department
BE 234 200.00 105.23 Gup 10/30/2022 Books   Print     MIET Library, Jammu MIET Library, Jammu BL-Academic Block C, FL-2, CUP-31, SH-3, R-3 12/24/1998   BE